UBT Library

Child psychology : (Record no. 47341)

000 -LEADER
fixed length control field 00628pam a2200229 a 4500
001 - CONTROL NUMBER
control field 2860335
005 - DATE AND TIME OF LATEST TRANSACTION
control field 20180827072133.0
008 - FIXED-LENGTH DATA ELEMENTS--GENERAL INFORMATION
fixed length control field 850904s1986 nyua b 001 0 eng c
010 ## - LIBRARY OF CONGRESS CONTROL NUMBER
LC control number 85019847
020 ## - INTERNATIONAL STANDARD BOOK NUMBER
International Standard Book Number 0070284407 :
Terms of availability $26.00
040 ## - CATALOGING SOURCE
Original cataloging agency DNLM/DLC
Transcribing agency DLC
Modifying agency DLC
041 ## - LANGUAGE CODE
Language code of text/sound track or separate title eng
060 ## - NATIONAL LIBRARY OF MEDICINE CALL NUMBER
Classification number WS 105 H589c
080 ## - UNIVERSAL DECIMAL CLASSIFICATION NUMBER
Universal Decimal Classification number 155.4
082 00 - DEWEY DECIMAL CLASSIFICATION NUMBER
Classification number 155.4
Edition number 19
100 1# - Rafti
Rafti 48
101 ## - Shkurtesa
Shkurtesa psi
245 10 - TITLE STATEMENT
Title Child psychology :
Statement of responsibility, etc E. Mavis Hetherington, Ross D. Parke.
504 ## - BIBLIOGRAPHY, ETC. NOTE
Bibliography, etc Includes bibliographies and index.
906 ## - LOCAL DATA ELEMENT F, LDF (RLIN)
a 7
b cbc
c orignew
d 1
e ocip
f 19
g y-gencatlg
942 ## - ADDED ENTRY ELEMENTS (KOHA)
Source of classification or shelving scheme
Item type Books
Holdings
Withdrawn status Lost status Source of classification or shelving scheme Damaged status Not for loan Collection code Permanent location Current location Shelving location Date acquired Total Checkouts Full call number Barcode Date last seen Price effective from Koha item type
          Koleksioni i përgjithshem UBT - Lipjan UBT - Lipjan Koleksioni i përgjithshem 08/27/2018   155.4 mav 002-3011486 08/27/2018 08/27/2018 Books
          Koleksioni i përgjithshem UBT - Lipjan UBT - Lipjan Koleksioni i përgjithshem 03/22/2021   155.4 HETH 002-7001365 03/22/2021 03/22/2021 Books
UBT Library © 2015-2024. All rights reserved University Education for Business and Technology